Statistics for Arthur C. Clarke Bibliography

Click here to take the quiz!

General Stats

  • This quiz has been taken 7 times
  • The average score is 8 of 291

Answer Stats

TypeYearName% Correct
Novel19682001: A Space Odyssey
83%
Omnibus19852001: A Space Odyssey, The City and the Stars, The Deep Range, A Fall of Moondust, Rendezvous with Rama
83%
Novel19822010: Odyssey Two
67%
Novel1953Childhood's End
67%
Novel19973001: The Final Odyssey
50%
Novel1972Rendezvous with Rama
50%
Novel19872061: Odyssey Three
33%
Novel1961A Fall of Moondust
33%
Collaborative Novel1993Rama Revealed
33%
Novel1956The City and the Stars
33%
Omnibus2001The City and the Stars and The Sands of Mars
33%
Novel1979The Fountains of Paradise
33%
Collaborative Novel1991The Garden of Rama
33%
Omnibus1965An Arthur C. Clarke Omnibus
17%
Collaborative Novel1988Cradle
17%
Short Story Collection1976The Best of Arthur C. Clarke 1937-1955
17%
Short Story Collection1973The Best of Arthur C. Clarke 1937-1971
17%
Short Story Collection1977The Best of Arthur C. Clarke 1956-1972
17%
Novel1957The Deep Range
17%
Novel1990The Ghost from the Grand Banks
17%
Omnibus2001The Ghost from the Grand Banks and The Deep Range
17%
Novel1951The Sands of Mars
17%
Short Story Collection1983The Sentinel
17%
Short Story1951The Sentinel
17%
Non-Fiction Book19841984, Spring: a Choice of Futures.
0%
Introduction19952001: Filming the Future
0%
Non-Fiction Book198620 July 2019: Life in the 21st Century.
0%
Omnibus20043001: The Final Odyssey & The Songs of Distant Earth
0%
Omnibus1959Across the Sea of Stars
0%
Novel1948Against the Fall of Night
0%
Omnibus1991Against the Fall of Night and Beyond the Fall of Night
0%
Introduction1995Aliya: Stories of the Elephants of Sri Lanka
0%
Short Story1956All That Glitters
0%
Novella1971A Meeting with Medusa
0%
Omnibus1988A Meeting with Medusa and Green Mars
0%
Short Story1962An Ape About the House
0%
Omnibus1968An Arthur C. Clarke Second Omnibus
0%
Introduction1995An Encyclopedia of Claims, Frauds, and Hoaxes of the Occult and Supernatural
0%
Short Story1956A Question of Residence
0%
Introduction2005Are We Alone?: The Stanley Kubrick Extraterrestrial Intelligence Interviews
0%
Short Story1954Armaments Race
0%
Letter Collection1998Arthur C. Clarke & Lord Dunsany: A Correspondence.
0%
Introduction1993Arthur C. Clarke's A - Z of Mysteries
0%
Introduction1987Arthur C. Clarke's Chronicles of the Strange and Mysterious
0%
Introduction2000Arthur C. Clarke's Mysteries
0%
Introduction1998Arthur C. Clarke's Mysteries
0%
Introduction1980Arthur C. Clarke's Mysterious World
0%
Epilogue1987Arthur C. Clarke's Venus Prime Vol. 1: Breaking Strain
0%
Epilogue1988Arthur C. Clarke's Venus Prime Vol. 2: Maelstrom
0%
Epilogue1989Arthur C. Clarke's Venus Prime Vol. 3: Hide and Seek
0%
Epilogue1990Arthur C. Clarke's Venus Prime Vol. 4: The Medusa Encounter
0%
Epilogue1990Arthur C. Clarke's Venus Prime Vol. 5: The Diamond Moon
0%
Epilogue1991Arthur C. Clarke's Venus Prime Vol. 6: The Shining Ones
0%
Introduction1984Arthur C. Clarke's World of Strange Powers
0%
Non-Fiction Book1984Ascent to Orbit, a Scientific Autobiography
0%
Short Story1958A Slight Case of Sunstroke
0%
Autobiography1989Astounding Days: A Science Fictional Autobiography
0%
Short Story1940At the Mountains of Murkiness
0%
Short Story1951At the Time in the World
0%
Short Story1950A Walk in the Dark
0%
Introduction2006Beautiful Living: Buddha's Way to Prosperity, Wisdom, and Inner Peace
0%
Short Story1961Before Eden
0%
Non-Fiction Book1972Beyond Jupiter: The Worlds of Tomorrow
0%
Novel1990Beyond the Fall of Night
0%
Short Story1956Big Game Hunt
0%
Epilogue1991Blueprint for Space: Science Fiction to Science Fact
0%
Non-Fiction Book1958Boy Beneath the Sea
0%
Short Story1949Breaking Strain
0%
Introduction1995Bright Messengers
0%
Introduction2002Business 2010: Mapping the New Commercial Landscape
0%
Non-Fiction Book1993By Space Possessed.
0%
Writings Collection1996Childhood Ends: The Earliest Writings of Arthur C. Clarke
0%
Omnibus2005Clarke's Universe
0%
Short Story1957Cold War
0%
Short Story1958Cosmic Casanova
0%
Introduction2002Creating Space: The Story of the Space Age through the Models
0%
Short Story1949Critical Mass
0%
Short Story1966Crusade
0%
Short Story1961Death and the Senator
0%
Short Story1965Dial F for Frankenstein
0%
Short Story1962Dog Star
0%
Novel1963Dolphin Island: A Story of the People of the Sea
0%
Short Story1951Earthlight
0%
Novel1955Earthlight
0%
Short Story1953Encounter in the Dawn
0%
Introduction1996Encounter with Tiber
0%
Introduction2000e-Sphere: The Rise of the World-Wide Mind
0%
Introduction2000Excess Heat: Why Cold Fusion Research Prevailed
0%
Short Story1950Exile of the Eons
0%
Short Story Collection1953Expedition to Earth
0%
Magazine Article1945Extra-Terrestrial
0%
Short Story1957Feathered Friends
0%
Collaborative Novel2007Firstborn
0%
Epilogue1970First on the Moon
0%
Omnibus1978Four Great SF Novels
0%
Short Story1957Freedom of Space
0%
Introduction1962From the Earth to the Moon
0%
Omnibus1962From the Ocean, From the Stars
0%
Introduction2009From the Pen of Paul: The Fantastic Images of Frank R. Paul
0%
Epilogue1995Frontline of Discovery: Science on the Brink of Tomorrow
0%
Introduction1994Gene Roddenberry: The Last Conversation
0%
Novel1963Glide Path
0%
Short Story1956Green Fingers
0%
Writings Collection1999Greetings, Carbon-Based Bipeds!: Collected Works 1934-1988
0%
Short Story1950Guardian Angel
0%
Introduction1998Hal's Legacy: 2001's Computer As Dream and Reality
0%
Short Story1961Hate
0%
Short Story1967Herbert George Morley Robert Wells, Esq.
0%
Short Story1949Hide-and-Seek
0%
Short Story1949History Lesson
0%
Short Story1951Holiday on the Moon
0%
Non-Fiction Book1992How the World Was One: Beyond the Global Village
0%
Short Story1938How We Went to Mars
0%
Short Story1951If I Forget Thee, Oh Earth
0%
Novel1975Imperial Earth
0%
Short Story1999Improving the Neighbourhood
0%
Non-Fiction Book1964Indian Ocean Treasure
0%
Short Story1947Inheritance
0%
Introduction1998Intelligent Software Agents
0%
Non-Fiction Book1950Interplanetary Flight: An Introduction to Astronautics
0%
Non-Fiction Book1971Into Space: a Young Person's Guide to Space
0%
Short Story1960Into the Comet
0%
Short Story1960I Remember Babylon
0%
Novel1952Islands in the Sky
0%
Introduction2006Jules Verne: The Definitive Biography
0%
Short Story1953Jupiter Five
0%
Short Story1957Let There Be Light
0%
Introduction2001Literary Trips 2: Following in the Footsteps of Fame
0%
Short Story1946Loophole
0%
Short Story1961Love that Universe
0%
Introduction2001Macroshift: Navigating the Transformation to a Sustainable World
0%
Short Story1962Maelstrom II
0%
Introduction2002Moonwatcher's Memoir: A Diary of 2001: A Space Odyssey
0%
Short Story Collection1991More Than One Universe: The Collected Stories of Arthur C. Clarke
0%
Short Story1957Moving Spirit
0%
Short Story1970Neutron Tide
0%
Short Story1947Nightfall
0%
Short Story1954No Morning After
0%
Short Story Collection1972Of Time and Stars
0%
Short Story1986On Golden Seas
0%
Introduction1994Only Visiting This Planet: The Art of Danny Flynn
0%
Short Story1958Out from the Sun
0%
Short Story1959Out of the Cradle, Endlessly Orbiting
0%
Short Story1957Passer-by
0%
Short Story1954Patent Pending
0%
Short Story1963Playback
0%
Omnibus1965Prelude to Mars
0%
Novel1951Prelude to Space
0%
Non-Fiction Book1962Profiles of the Future; an Inquiry into the Limits of the Possible.
0%
Short Story1953Publicity Campaigned
0%
Short Story1977Quarantine
0%
Novel1989Rama II
0%
Short Story Collection1956Reach for Tomorrow
0%
Short Story1954Refugee
0%
Non-Fiction Book1972Report on Planet Three and Other Speculations
0%
Short Story1946Rescue Party
0%
Short Story1938Retreat from Earth
0%
Short Story1953Reverie
0%
Collaborative Novel1996Richter 10
0%
Short Story1956Robin Hood FRS
0%
Introduction1995Rogue Asteroids and Doomsday Currents: The Search for the Million Megaton Menace That Threatens Life on Earth
0%
Short Story1961Saturn Rising
0%
Introduction2005Science Fiction Quotations: From the Inner Mind to the Outer Limits
0%
Short Story1951Second Dawn
0%
Short Story1957Security Check
0%
Introduction1993Seize the Moment: The Autobiography of Britain's First Astronaut
0%
Introduction1985Sightseeing: A Space Panorama
0%
Short Story1950Silence Please
0%
Short Story1984siseneG
0%
Introduction2005'S' Is for Space
0%
Short Story1957Sleeping Beauty
0%
Introduction1991Space Commerce
0%
Introduction2008SpaceShipOne: An Illustrated History
0%
Short Story1957Special Delivery
0%
Introduction1991Sri Lanka
0%
Introduction2000Sri Lanka, the Emerald Island
0%
Short Story1960Summertime on Icarus
0%
Short Story1964Sunjammer
0%
Collaborative Novel2005Sunstorm
0%
Short Story1951Superiority
0%
Introduction1996Survival Kit: How to Reach Ninety and Make the Most of It
0%
Short Story1957Take a Deep Breath
0%
Short Story Collection1990Tales from Planet Earth
0%
Short Story Collection1957Tales from the White Hart
0%
Short Story Collection1962Tales of Ten Worlds
0%
Short Story1946Technical Error
0%
Introduction1992Technology 2001: The Future of Computing and Communications
0%
Essay1993The Anti-Gravity Handbook (New and Expanded Edition)
0%
Introduction2001The Art of Chesley Bonestell
0%
Short Story1942The Awakening
0%
Introduction1968The Beginnings of Satellite Communication
0%
Short Story1957The Call of the Stars
0%
Introduction1997The Case for Mars: The Plan to Settle the Red Planet and Why We Must
0%
Non-Fiction Book1960The Challenge of the Sea
0%
Non-Fiction Book1959The Challenge of the Space Ship: Previews of Tomorrow's World.
0%
Introduction1972The Challenge of the Stars
0%
Non-Fiction Book1956The Coast of Coral
0%
Short Story Collection2001The Collected Stories of Arthur C. Clarke
0%
Introduction1976The Complete Venus Equilateral
0%
Introduction2002The Conquest of Space
0%
Short Story1966The Cruel Sky
0%
Introduction1996The Dechronization of Sam Magruder
0%
Short Story1957The Defenestration of Ermintrude Inch
0%
Introduction1993The Dream Machines: An Illustrated History of the Spaceship in Art, Science and Literature
0%
Non-Fiction Book1951The Exploration of Space
0%
Non-Fiction Book1954The Exploration of the Moon
0%
Short Story1949The Fires Within
0%
Non-Fiction Book1960The First Five Fathoms
0%
Introduction1993The First Men in the Moon
0%
Short Story1964The Food of the Gods
0%
Short Story1949The Forgotten Enemy
0%
Novel1993The Hammer of God
0%
Short Story1992The Hammer of God
0%
Introduction1981The Illustrated Encyclopedia of Space Technology
0%
Short Story1963The Last Command
0%
Collaborative Novel2008The Last Theorem
0%
Short Story1964The Light of Darkness
0%
Collaborative Novel2000The Light of Other Days
0%
Novella1945The Lion of Comarre
0%
Omnibus1968The Lion of Comarre and Against the Fall of Night
0%
Short Story1966The Longest Science-Fiction Story Ever Told
0%
Non-Fiction Book1972The Lost Worlds of 2001
0%
Non-Fiction Book1957The Making of a Moon: The Story of the Earth Satellite Program
0%
Short Story1954The Man Who Ploughed the Sea
0%
Introduction1994The Millennial Project: Colonizing the Galaxy in Eight Easy Steps
0%
Short Story1957The Next Tenants
0%
Short Story Collection1967The Nine Billion Names of God
0%
Short Story1953The Nine Billion Names of God
0%
Non-Fiction Book1984The Odyssey File.
0%
Short Story Collection1958The Other Side of the Sky
0%
Short Story1953The Other Tiger
0%
Short Story1956The Pacifist
0%
Introduction1970The Panic Broadcast
0%
Short Story1953The Parasite
0%
Short Story1953The Possessed
0%
Introduction1992The Profession of Science Fiction: SF Writers on Their Craft and Ideas
0%
Non-Fiction Book1968The Promise of Space.
0%
Non-Fiction Book1957The Reefs of Taprobane; Underwater Adventures around Ceylon
0%
Short Story1956The Reluctant Orchid
0%
Introduction2008The Rise of Animals: Evolution and Diversification of the Kingdom Animalia
0%
Short Story1950The Road to the Sea
0%
Tribute1997The Roving Mind: New Edition
0%
Introduction2001The Search for Free Energy
0%
Short Story1963The Secret
0%
Short Story1962The Shining Ones
0%
Non-Fiction Book1994The Snows of Olympus - A Garden on Mars
0%
Short Story1957The Songs of Distant Earth
0%
Novel1986The Songs of Distant Earth
0%
Omnibus2001The Space Trilogy
0%
Short Story1955The Star
0%
Short Story1956The Starting Line
0%
Short Story1986The Steam-Powered Word Processor
0%
Introduction2012The Story of Astronomy
0%
Essay1974The Telephone's First Century—and Beyond: Essays on the Occasion of the 100th Anniversary of Telephone Communication
0%
Non-Fiction Book1964The Treasure of the Great Reef
0%
Collaborative Novel1999The Trigger
0%
Introduction1994The Ultimate Egoist
0%
Short Story1957The Ultimate Melody
0%
Essay Collection1977The View from Serendip
0%
Short Story1949The Wall of Darkness
0%
Introduction1993The War of the Worlds
0%
Introduction2001The Web Between the Worlds
0%
Short Story Collection1972The Wind from the Sun
0%
Collaborative Short Story1997The Wire Continuum
0%
Introduction1979The World in Color Photography
0%
Introduction1974The World in Focus
0%
Introduction2006The World of Jules Verne
0%
Introduction2001The Worlds of Galileo
0%
Non-Fiction Book1954The Young Traveller in Space
0%
Introduction1969Three for Tomorrow
0%
Introduction1966Time Probe: The Sciences in Science Fiction
0%
Short Story1950Time's Arrow
0%
Collaborative Novel2003Time's Eye
0%
Introduction2003To the Edge of Doom
0%
Short Story1949Transcience
0%
Short Story1971Transit of Earth
0%
Short Story1937Travel by Wire!
0%
Short Story1951Trouble with the Natives
0%
Short Story1960Trouble with Time
0%
Introduction1993Unearthing Atlantis: An Archaeological Odyssey to the Fabled Lost Civilization
0%
Short Story Collection1956Venture to the Moon
0%
Introduction1989Visions of Space
0%
Introduction2001Visions of Spaceflight: Images from the Ordway Collection
0%
Non-Fiction Book1958Voice Across the Sea
0%
Non-Fiction Book1965Voices from the Sky: Previews of the Coming Space Age.
0%
Short Story1956Watch this Space
0%
Introduction1999Welcome to the Wired World: The New Networked Economy
0%
Short Story1942Whacky
0%
Short Story1955What Goes Up
0%
Short Story1972When the Twerms Came
0%
Short Story1958Who's There?
0%

Score Distribution

Percentile by Number Answered

Percent of People with Each Score

Your Score History

You have not taken this quiz